| 000 | 00726nam a2200265Ia 4500 | ||
|---|---|---|---|
| 003 | OSt | ||
| 005 | 20220912151450.0 | ||
| 006 | a|||||r|||| 00| 0 | ||
| 007 | ta | ||
| 008 | 220909b |||||||| |||| 00| 0 eng d | ||
| 024 | _a16842 | ||
| 037 | _cTextual | ||
| 040 |
_aCSL _beng _cCSL |
||
| 041 | _aeng | ||
| 082 | _aC, K1;4 | ||
| 100 | _aKompaneyets A S | ||
| 245 | 0 | _aTheoretical physics | |
| 260 |
_aMoscow _bForeign Languages Publishing House _c1961 |
||
| 300 | _a594p | ||
| 500 | _aAppendix 586-587p; Bibliography 588p; Indexes 589-592p | ||
| 650 | _aTheoretical physics | ||
| 942 |
_hC, K1;4 _cTEXL _2CC |
||
| 999 |
_c69144 _d69144 |
||